[Event "Prague Festival Challengers 2020"]
[Site "Prague"]
[Date "2020.02.12"]
[Round "1.1"]
[White "Nguyen, Thai Dai Van"]
[Black "Abasov, Nijat"]
[Result "1/2-1/2"]
[WhiteElo "2560"]
[BlackElo "2670"]
[Annotator "TA"]
[PlyCount "91"]
[EventDate "2020.02.12"]
[EventType "tourn"]
[EventCountry "CZE"]
[SourceTitle "playchess.com"]
[Source "ChessBase"]
[SourceQuality "1"]

{[%evp 15,91,21,19,5,4,0,16,2,8,17,16,14,19,16,14,15,18,0,35,35,31,30,33,30,33,0,0,0,0,0,0,0,0,0,0,0,2,4,76,73,73,73,81,32,25,0,0,0,39,40,31,0,0,0,37,29,166,64,64,0,159,103,103,103,106,110,105,73,49,0,0,0,0,0,0,0,0,0]} 1. c4 c5 2. g3 Nc6 3. Bg2 g6 4. Nc3 Bg7 5. Nf3 d6 6. O-O e6 7. e3 Nge7 8. d4 O-O 9. Rb1 {9.Re1 gains popularity. A37: Symmetrical English vs ...g6: 4 Bg2 Bg7 5 Nf3.} cxd4 10. exd4 d5 11. b3 b6 12. Ba3 Re8 {[#]} 13. Re1 $146 ({Predecessor:} 13. Nb5 Nf5 14. g4 a6 15. Nc7 Qxc7 16. gxf5 Qf4 17. fxg6 hxg6 18. Bc1 Qd6 19. Be3 {0-1 (42) Gajewski,G (2654)-Dominguez Perez,L (2732) Berlin 2015}) 13... a6 14. Ne5 Bb7 15. Rc1 Rc8 16. Nxc6 (16. cxd5 {with more complications.} Nxd5 17. Nxd5 exd5 18. Bb2 Qd6 19. Bh3) 16... Bxc6 (16... Rxc6 {keeps more tension.} 17. Qd2 Rc8 18. Na4 b5 19. Nc5 Ba8) 17. Bxe7 Rxe7 18. cxd5 Bxd5 19. Bxd5 {And now Bg2 would win.} Rec7 $1 20. Bxe6 fxe6 21. Ne2 Rxc1 22. Nxc1 Bxd4 23. Nd3 Rc3 24. Nf4 e5 25. Ne2 Rd3 26. Qc2 Kg7 (26... Bc5 $11) 27. Nxd4 $16 Qxd4 {[%mdl 4096] Endgame KQR-KQR} 28. Qc7+ Kf6 29. Qxh7 Rd2 $1 30. Qh8+ Kf7 $1 31. Qh7+ Kf6 32. Re3 {Rf3+ is the strong threat.} Qd5 $1 33. Qh8+ Kf7 34. Qh7+ Kf6 $1 35. Qh4+ Kf5 (35... Kf7 $1 $11 {and Black has nothing to worry.} 36. Re1 (36. Qh7+ Kf6 $14) 36... Qd4 37. Qxd4 (37. Qh7+ Kf6 $14) 37... exd4) 36. Qh3+ (36. Qb4 $1 $18) 36... Kf6 $14 {Hoping for ...Rd1+.} 37. Qh4+ ({White should play} 37. Re1 $1 $14) 37... Kf5 $16 {[#] ( -> ...Rd1+)} 38. Re1 (38. Qb4 $142 $1) 38... Qd4 39. Qh3+ Kf6 {[#]} 40. Qg2 $1 Rxa2 41. Qf3+ Kg7 42. h4 Ra1 $36 {[%mdl 2048] The position is equal. Black has good play.} 43. Rxa1 Qxa1+ 44. Kg2 {Threatens to win with Qb7+.} Qd4 $1 45. Qb7+ Kf6 46. Qc6+ {Accuracy: White = 72%, Black = 86%.} 1/2-1/2

[Event "Prague Festival Challengers 2020"]
[Site "Prague"]
[Date "2020.02.12"]
[Round "1.2"]
[White "Krejci, Jan"]
[Black "Cernousek, Lukas"]
[Result "1/2-1/2"]
[WhiteElo "2559"]
[BlackElo "2442"]
[Annotator "TA"]
[PlyCount "91"]
[EventDate "2020.02.12"]
[EventType "tourn"]
[EventCountry "CZE"]
[SourceTitle "playchess.com"]
[Source "ChessBase"]
[SourceQuality "1"]

{[%evp 13,91,22,26,23,35,3,9,12,22,-3,0,-6,0,-7,0,-11,0,0,0,0,0,-9,13,0,27,45,68,71,69,68,58,16,17,0,12,0,0,0,43,0,0,0,18,31,58,60,47,61,66,54,64,58,62,8,8,8,15,0,12,15,19,35,16,20,49,0,0,0,0,0,0,0,0,0,0,0,0,0,0,0]} 1. e4 e6 2. d4 d5 3. exd5 exd5 4. Nf3 Nf6 5. Bd3 Bd6 6. Qe2+ Qe7 7. Qxe7+ Kxe7 8. O-O {C01: French: Exchange Variation.} Re8 9. Bg5 h6 10. Bh4 Nbd7 {[#]} 11. Nbd2 $146 ({Predecessor:} 11. Na3 c6 12. c3 Kf8 13. Rae1 Ne4 14. Bxe4 dxe4 15. Nd2 f5 16. Nac4 Bf4 17. Bg3 {1-0 (42) Kaczmarczyk,D (2411)-Sadeghi,H (2118) Switzerland 2017}) 11... Kf8 12. c4 g5 13. Bg3 Bxg3 14. fxg3 dxc4 15. Nxc4 Kg7 16. Rac1 $36 {[%mdl 2048] White has the initiative.} Nd5 17. h4 f6 18. Nfd2 Nf8 19. Be4 Ne7 20. Rfe1 Rb8 21. d5 {And now Bf3 would win.} Rd8 22. Ne3 c6 $1 23. Bf3 {[%cal Rd5c6]} Nfg6 (23... Be6 {keeps more tension.} 24. dxc6 Rxd2 25. c7 Re8 26. Nc4 Rd4) 24. Nb3 {[%cal Rd5c6]} gxh4 25. dxc6 Nxc6 26. Bxc6 bxc6 27. gxh4 Nxh4 28. Rxc6 Rd7 29. Rc4 Ng6 30. Nf5+ Kh7 31. Rc6 {Hoping for Nc5.} Rf7 32. Nd6 Bb7 33. Rc5 (33. Rc2 $14 Rd7 34. Ne8) 33... Rd7 $11 34. Ne8 Rf7 $1 35. Rf5 Nh4 36. Rxf6 Rxf6 37. Nxf6+ Kg6 38. Nd7 Rg8 39. Re2 (39. Re6+ {is more complex.} Kg5 40. g3 Bc8 41. Nbc5 Bxd7 42. Nxd7 Nf5 43. Re5) 39... Bxg2 {The position is equal.} 40. Rxg2+ Nxg2 41. Kxg2 Kf5+ 42. Kf3 Ke6 43. Ndc5+ Kd5 44. Nd3 Rf8+ 45. Kg4 Ke4 46. Nbc5+ {Accuracy: White = 82%, Black = 88%.} 1/2-1/2

[Event "Prague Festival Challengers 2020"]
[Site "Prague"]
[Date "2020.02.12"]
[Round "1.3"]
[White "Bartel, Mateusz"]
[Black "Esipenko, Andrey"]
[Result "1/2-1/2"]
[WhiteElo "2639"]
[BlackElo "2654"]
[Annotator "TA"]
[PlyCount "61"]
[EventDate "2020.02.12"]
[EventType "tourn"]
[EventCountry "CZE"]
[SourceTitle "playchess.com"]
[Source "ChessBase"]
[SourceQuality "1"]

{[%evp 9,61,5,19,9,6,4,0,6,22,25,31,27,31,29,37,27,27,24,27,17,27,29,21,13,25,39,58,54,56,54,50,43,84,82,74,51,97,79,94,89,108,108,93,0,130,130,139,106,109,97,97,90,90,90]} 1. e4 e5 2. Nf3 Nc6 3. Bb5 a6 4. Ba4 Nf6 5. Nc3 Be7 6. Bxc6 {C77: Ruy Lopez: 3...a6 4 Ba4 Nf6, unusual lines.} dxc6 7. a3 O-O 8. d3 {[#] The position is equal.} Bg4 $146 ({Predecessor:} 8... Nd7 9. h4 Bf6 10. g4 g6 11. Be3 Qe7 12. Ng5 Bg7 13. Qd2 Nc5 14. h5 h6 {0-1 (61) Motylev,A (2668)-Inarkiev,E (2682) Izhevsk 2019}) 9. h3 Bxf3 $1 10. Qxf3 Nd7 11. Be3 Nc5 12. Qg3 f6 13. Qg4 Qc8 14. O-O-O Qxg4 15. hxg4 Ne6 16. g3 Rad8 17. f4 Bc5 18. Bxc5 Nxc5 19. Rdf1 Ne6 20. Nd1 g6 21. Ne3 b5 22. Rh6 Nd4 23. Kd1 a5 24. Rfh1 Rd7 25. f5 g5 26. b4 ({Better is} 26. b3 $16) 26... a4 (26... axb4 $11 27. axb4 Ra8) 27. Kc1 $16 Rff7 28. Kb2 Rd6 {White is better.} 29. Rd1 Rfd7 30. Rh2 Kh8 31. Kb1 {Accuracy: White = 90%, Black = 87%.} 1/2-1/2

[Event "Prague Festival Challengers 2020"]
[Site "Prague"]
[Date "2020.02.12"]
[Round "1.4"]
[White "Stefansson, Hannes"]
[Black "Kriebel, Tadeas"]
[Result "1-0"]
[WhiteElo "2529"]
[BlackElo "2524"]
[Annotator "TA"]
[PlyCount "95"]
[EventDate "2020.02.12"]
[EventType "tourn"]
[EventCountry "CZE"]
[SourceTitle "playchess.com"]
[Source "ChessBase"]
[SourceQuality "1"]

{[%evp 20,95,23,14,29,12,15,8,10,12,46,0,33,0,0,0,0,0,0,0,0,0,0,0,0,-16,-24,-27,-8,-86,20,20,14,10,198,198,204,201,198,180,195,200,266,265,271,251,300,292,370,366,471,477,607,482,488,477,458,457,536,341,492,439,473,378,476,480,745,654,796,710,6318,6314,5477,6266,29955,6888,2888,2384]} 1. e4 c5 2. Nf3 e6 3. d4 cxd4 4. Nxd4 Nc6 5. Nc3 Qc7 6. Be2 Nf6 7. O-O Be7 8. Be3 O-O 9. f4 d6 10. Kh1 Nxd4 11. Qxd4 e5 {B83: Sicilian Scheveningen: 6 Be2, lines without ...a6.} 12. Qd3 b6 {is the legacy move (12...a6).} 13. Rad1 Bb7 {The position is equal.} 14. Bf3 {[#]} Rad8 $146 ({Predecessor:} 14... Rac8 15. Rf2 Qc4 16. Rfd2 h6 17. Qxc4 Rxc4 18. fxe5 dxe5 19. Rd7 Nxd7 20. Rxd7 Bg5 {0-1 (32) Panagiotakos,N (2121)-Giannoulakis,L (2283) Pardubice 2015}) 15. f5 (15. Nb5 $5 {[%cal Rb5c7]} Qd7 16. c4 $14 (16. Nxa7 Bxe4 17. Bxe4 Qxa7 $14)) 15... Rfe8 16. Bf2 (16. Nb5 $5 {[%cal Rb5c7]} Qd7 17. c4 $14) 16... Qc8 17. Rfe1 Ba6 18. Qd2 d5 19. Nxd5 Nxd5 20. exd5 Qxf5 21. Re4 Bd6 22. Bh4 Rc8 23. Rde1 Qd7 24. Bh5 (24. g4 $11) 24... Rf8 (24... g6 $17 25. Be2 Bb7) 25. Bf6 $1 $11 {[#] Intending Qg5! and mate.} Qf5 $1 {[%cal Rf5f6]} ({Avoid the trap} 25... gxf6 $2 26. Rg4+ Qxg4 27. Bxg4 $18) 26. Bxe5 Rcd8 $2 (26... Bxe5 $11 27. Rxe5 Qxc2) 27. Bf3 Bxe5 28. Rxe5 $40 {[%mdl 128] White is out for blood.} Qf6 29. b3 Qd6 30. Re7 Bc8 31. Rxa7 Bd7 32. Qf2 f5 33. Rb7 Rf6 34. c4 Rh6 {[%csl Gh6][%cal Rd6h2]} 35. h3 Rf8 36. Qe3 Rhf6 37. Re2 Bc8 38. Re7 Qg3 39. Qf2 Qd6 (39... Qxf2 {might work better.} 40. Rxf2 R8f7) 40. Qh4 Bd7 41. R2e5 h6 42. b4 Ba4 (42... Rd8 $142 43. a3 f4) 43. a3 Bc2 44. R5e6 Qd8 {[#]} 45. Qg3 $1 {[%csl Ge7][%cal Rg3g7]} R6f7 46. Qe5 Be4 47. Rxf7 Kxf7 48. Bh5+ {Accuracy: White = 81%, Black = 45%.} 1-0

[Event "Prague Festival Challengers 2020"]
[Site "Prague"]
[Date "2020.02.12"]
[Round "1.5"]
[White "Piorun, Kacper"]
[Black "Van Foreest, Jorden"]
[Result "1/2-1/2"]
[WhiteElo "2611"]
[BlackElo "2667"]
[Annotator "TA"]
[PlyCount "103"]
[EventDate "2020.02.12"]
[EventType "tourn"]
[EventCountry "CZE"]
[SourceTitle "playchess.com"]
[Source "ChessBase"]
[SourceQuality "1"]

{[%evp 20,103,0,0,44,45,49,48,53,22,35,27,46,45,71,71,81,67,65,71,66,66,66,66,65,55,76,54,87,71,118,56,68,28,79,79,68,80,79,76,86,90,97,77,124,120,109,27,39,46,35,6,8,0,0,0,0,4,8,0,18,-6,-6,-6,-6,-6,-6,-6,-6,-6,-6,-6,-6,-6,-6,-6,0,0,0,0,0,0,0,0,0,0]} 1. e4 c5 2. Nf3 d6 3. d4 cxd4 4. Nxd4 Nf6 5. Nc3 a6 6. Be2 e5 7. Nb3 Be7 8. O-O O-O 9. Kh1 b6 10. Be3 {10.f3 leads in the polls.} Bb7 11. f3 Nbd7 {B92: Sicilian Najdorf: 6 Be2.} 12. a4 Qc7 13. Qd2 Rfc8 {White is slightly better.} 14. Rac1 {[#]} Bc6 $146 ({Predecessor:} 14... Nf8 15. Rfd1 Ne6 16. Bf1 Bc6 17. Qf2 Rcb8 18. Nd5 Bxd5 19. exd5 Nc5 20. Nxc5 bxc5 {0-1 (41) Olsson,T (1996)-Tazbir,M (2524) Lund 2016}) 15. Rfd1 Rcb8 16. Ra1 h6 17. Nc1 Rd8 18. N1a2 d5 19. Nxd5 Nxd5 20. exd5 Nf6 {[%cal Rd8d5]} 21. c4 Bxa4 22. Rdc1 Bd7 23. Nc3 Bc5 24. Bd3 a5 {[#]} 25. Re1 (25. g4 $1 $16) 25... Re8 $14 26. Re2 Qd6 (26... Bb4 $11 {keeps the balance.}) 27. Bxc5 $16 Qxc5 28. Rae1 a4 29. Rxe5 Rxe5 30. Rxe5 a3 {Strongly threatening ...a2.} 31. Re1 h5 32. bxa3 Rxa3 33. Ne4 (33. Bf1 $16) 33... Nxe4 $11 34. Bxe4 {Hoping for Qg5.} ({Not} 34. Rxe4 $2 Ra1+ 35. Re1 Qd4 $19) 34... f5 $1 {[%cal Rf5e4]} 35. Bb1 {aiming for Qg5.} Qxc4 {The position is equal.} 36. Qg5 Qxd5 37. h3 Ra8 38. Re7 {[%csl Ge7][%cal Rg5g7]} Qd4 39. Kh2 Ra1 40. Qg6 {Re8+! would kill now.} Qf4+ 41. Qg3 $132 {[%mdl 2048] White is fighting back} Qxg3+ 42. Kxg3 Rxb1 43. Rxd7 {[%mdl 4096] Endgame KR-KR} Rb4 44. f4 Kh7 45. Rd6 g6 46. Rd7+ Kh6 47. h4 b5 48. Rb7 Rb1 49. Kh2 Rf1 50. g3 Rf2+ {[#]} 51. Kg1 $1 {[%mdl 512]} Rd2 52. Rxb5 {Accuracy: White = 83%, Black = 83%.} 1/2-1/2

[Event "Prague Festival Challengers 2020"]
[Site "Prague"]
[Date "2020.02.13"]
[Round "2.1"]
[White "Esipenko, Andrey"]
[Black "Stefansson, Hannes"]
[Result "1/2-1/2"]
[WhiteElo "2654"]
[BlackElo "2529"]
[Annotator "TA"]
[PlyCount "52"]
[EventDate "2020.02.12"]
[EventType "tourn"]
[EventCountry "CZE"]
[SourceTitle "playchess.com"]
[Source "ChessBase"]
[SourceQuality "1"]

{[%evp 10,52,3,-13,-4,3,11,2,15,-23,9,7,59,19,37,0,-25,-52,52,-154,-58,-37,-63,-54,-9,-9,-20,-18,-12,-9,-9,-12,4,1,7,-34,-26,-99,-104,-107,-89,-96,-8,-8,-1]} 1. d4 Nf6 2. c4 e6 3. Nc3 Bb4 4. f3 c5 5. d5 O-O 6. e4 b5 {E20: Nimzo-Indian: 4 g3 and 4 f3.} 7. e5 Ne8 8. f4 d6 9. Nf3 dxe5 10. fxe5 Nd7 (10... f6 $11) 11. Bg5 {[#]} ({Of course not} 11. cxb5 Nxe5 12. Be2 (12. Nxe5 Qh4+ 13. Kd2 Qg5+ 14. Kc2 Qxe5 $17) 12... Ng6 $15) 11... Qa5 $146 ({Predecessor:} 11... f6 12. dxe6 fxg5 13. Qd5 Nc7 14. e7+ Nxd5 15. exd8=Q Rxd8 16. cxd5 g4 17. Nd2 Nxe5 18. Bxb5 Bxc3 19. bxc3 Rxd5 {½-½ (28) Olsen,F (2267)-Mortensen,R (1941) Runavik 2017}) 12. Qc2 ({Much weaker is} 12. cxb5 exd5 13. Be2 Bxc3+ 14. bxc3 Qxc3+ 15. Bd2 Qb2 $15) (12. Bd2 $14) 12... exd5 $1 $11 {And now ...d4 would win.} 13. cxd5 f6 (13... c4 $1 $15) 14. Bh4 $2 {[#]} (14. Bd3 $1 $14 {is the one way to stay ahead.} h6 15. e6 hxg5 16. O-O Bxc3 17. bxc3) 14... Nxe5 (14... c4 $1 $17 15. e6 Nb6) 15. Nxe5 $15 fxe5 16. Bd3 Nf6 (16... Kh8 $5 {[%cal Rc5c4]} 17. Bxh7 Nf6 18. Bxf6 Rxf6 $11) 17. O-O c4 $36 {[%mdl 2048] [#] Black has good play.} 18. Rxf6 $1 {[%mdl 512]} cxd3 ({Reject} 18... Rxf6 $6 19. Bxh7+ Kh8 20. Bxf6 $16) 19. Rxf8+ Bxf8 20. Qxd3 Qb6+ 21. Bf2 Bc5 22. Qd2 Bb7 23. Rd1 (23. Re1 $11) 23... Rf8 $17 24. Ne4 Bxf2+ 25. Nxf2 {[#]} Rd8 (25... e4 $1 $17 {[%cal Re4e3] Threatens to win with ...e3!} 26. Re1 Re8) 26. Qe2 Rxd5 {Accuracy: White = 62%, Black = 59%.} 1/2-1/2

[Event "Prague Festival Challengers 2020"]
[Site "Prague"]
[Date "2020.02.13"]
[Round "2.2"]
[White "Abasov, Nijat"]
[Black "Van Foreest, Jorden"]
[Result "1/2-1/2"]
[WhiteElo "2670"]
[BlackElo "2667"]
[Annotator "TA"]
[PlyCount "60"]
[EventDate "2020.02.12"]
[EventType "tourn"]
[EventCountry "CZE"]
[SourceTitle "playchess.com"]
[Source "ChessBase"]
[SourceQuality "1"]

{[%evp 14,60,51,4,43,9,25,0,0,0,0,-10,-4,-4,0,-6,0,0,0,0,0,0,0,0,0,-12,-6,-13,0,0,0,0,0,0,0,0,0,0,0,0,0,0,0,0,0,0,0,0,0]} 1. c4 Nf6 2. g3 g6 3. Bg2 Bg7 4. Nc3 O-O 5. d4 d6 6. Nf3 Nc6 7. O-O e5 8. e3 {8.dxe5 is becoming the main line.} Bf5 {E62: King's Indian: Fianchetto: 6...c6 and Panno Variation (6...Nc6) without ...a6.} 9. b3 {[#]} (9. d5 $5 {[%cal Rd5c6]} Ne7 10. b3 $11) 9... a5 $146 ({Predecessor:} 9... Ne4 10. Ne2 Bg4 11. h3 Bxf3 12. Bxf3 Ng5 13. Bg2 exd4 14. exd4 Qf6 15. Bb2 Ne6 16. Rb1 Ncxd4 17. Nxd4 Nxd4 18. Bxb7 {½-½ (32) Votava,J (2521)-Rasik,V (2447) Czech Republic 2016}) 10. Bb2 Re8 {The position is equal.} 11. a3 exd4 12. Nxd4 Nxd4 13. exd4 c6 14. d5 Ne4 15. Bxe4 Bxe4 16. Nxe4 {[#] aiming for Bxg7.} Bxb2 17. Ra2 Rxe4 18. Rxb2 Qf6 19. Re2 (19. Rd2 {keeps more tension.} c5 20. Re2 Rae8 21. Rxe4 Rxe4 22. Re1) 19... Rxe2 20. Qxe2 $11 {[%mdl 4096] Endgame KQR-KQR} a4 21. dxc6 bxc6 22. bxa4 Rxa4 23. Qe8+ Kg7 24. Qxc6 Rxa3 25. c5 dxc5 26. Qxc5 Qc3 27. Rc1 Qxc5 28. Rxc5 h5 29. h4 Ra8 30. Kg2 Rb8 {Accuracy: White = 85%, Black = 93%.} 1/2-1/2

[Event "Prague Festival Challengers 2020"]
[Site "Prague"]
[Date "2020.02.13"]
[Round "2.3"]
[White "Cernousek, Lukas"]
[Black "Bartel, Mateusz"]
[Result "1/2-1/2"]
[WhiteElo "2442"]
[BlackElo "2639"]
[Annotator "TA"]
[PlyCount "98"]
[EventDate "2020.02.12"]
[EventType "tourn"]
[EventCountry "CZE"]
[SourceTitle "playchess.com"]
[Source "ChessBase"]
[SourceQuality "1"]

{[%evp 22,98,26,10,2,-20,7,8,8,7,2,1,1,9,2,0,0,-6,-2,-6,0,0,0,0,0,0,0,0,0,0,0,0,0,0,0,0,0,-8,-8,-8,-8,-8,-8,-20,-3,-92,-100,-90,0,0,0,0,0,0,0,0,0,0,0,0,0,0,0,0,0,0,0,0,0,0,0,0,0,0,0,0,0,0,0]} 1. e4 e5 2. Nf3 Nc6 3. Nc3 Nf6 4. d4 exd4 5. Nxd4 Bb4 6. Nxc6 bxc6 7. Bd3 O-O 8. O-O Re8 9. Bg5 h6 10. Bh4 g5 11. Bg3 Bxc3 12. bxc3 {[#] e5 is the strong threat.} Nxe4 {C47: Scotch Four Knights and Four Knights with 4 g3.} 13. f4 d6 14. Qh5 {Strongly threatening fxg5.} Bf5 15. fxg5 Bg6 $1 {[%cal Rg6h5]} 16. Qxh6 Qxg5 17. Qxg5 Nxg5 {[#]} 18. Rab1 $146 ({Predecessor:} 18. c4 Ne4 19. Be1 Re5 20. Rf4 Rae8 21. Rh4 Nc5 22. Bc3 Nxd3 23. cxd3 Rh5 24. Rg4 {½-½ (32) Filippov,A (2617)-Saric,I (2637) Sibenik 2012}) 18... Rab8 19. Rb4 Ne4 20. Be1 a5 21. Rxb8 Rxb8 22. c4 a4 23. Ba5 Rb2 24. Re1 Nc5 25. Bc3 {White threatens Re8+ and mate.} Rb8 26. Bxg6 fxg6 $11 {[%mdl 4096] Endgame KRB-KRN} 27. Bd4 Rb4 28. Bxc5 dxc5 {KR-KR} 29. Re6 Kf7 30. Rxc6 {[%mdl 64] [#] Double Attack} Rxc4 31. Rxc7+ Ke6 32. Rc6+ Kf5 33. Kf2 (33. h4 $11) 33... Rxc2+ $17 34. Ke3 a3 ({But not} 34... Rxa2 $6 35. Rxc5+ Kf6 36. Rc6+ Kg7 37. Kf3 $11) (34... Rxg2 $17 35. Rxc5+ Kf6) 35. h4 $11 {The position is equal.} c4 ({Don't play} 35... Rxa2 36. Rxc5+ Kg4 37. Rc4+ Kg3 38. Rc6 $17) 36. g4+ Ke5 37. Rxg6 Rxa2 {White must now prevent ...Ra1.} 38. Rg5+ Ke6 39. Ra5 Ra1 {Threatens to win with ...a2.} 40. Kd2 a2 41. Kc2 Rg1 42. Rxa2 Rg2+ 43. Kb1 Rxg4 44. Rh2 Kf6 45. Kc2 Kg6 46. h5+ Kh6 47. Kc3 Rg5 48. Kxc4 Rxh5 49. Rxh5+ Kxh5 {Accuracy: White = 93%, Black = 93%.} 1/2-1/2

[Event "Prague Festival Challengers 2020"]
[Site "Prague"]
[Date "2020.02.13"]
[Round "2.4"]
[White "Kriebel, Tadeas"]
[Black "Piorun, Kacper"]
[Result "0-1"]
[WhiteElo "2524"]
[BlackElo "2611"]
[Annotator "TA"]
[PlyCount "106"]
[EventDate "2020.02.12"]
[EventType "tourn"]
[EventCountry "CZE"]
[SourceTitle "playchess.com"]
[Source "ChessBase"]
[SourceQuality "1"]

{[%evp 16,106,14,-4,83,8,25,29,24,22,29,25,21,22,43,39,31,37,29,44,50,46,45,41,43,36,90,69,74,73,75,75,75,67,102,69,120,73,71,60,95,52,67,55,57,56,66,57,70,58,84,61,114,114,118,97,111,73,95,88,90,68,70,66,70,68,74,0,0,0,0,0,2,0,0,0,0,0,0,0,0,-140,-139,-169,-187,-185,-176,-249,-235,-29990,-29989,-29989,-29990]} 1. d4 Nf6 2. c4 g6 3. Nc3 Bg7 4. e4 d6 5. Nf3 O-O 6. Be2 Bg4 7. O-O Nfd7 8. h3 Bxf3 9. Bxf3 c5 {E91: King's Indian: Classical: 6 Be2, unusual replies including 6...c5 and 6...Bg4.} (9... Nc6 $11 {remains equal.}) 10. e5 {[#]} (10. d5 $1 $16) 10... cxd4 $146 (10... Nc6 {is interesting.} 11. exd6 cxd4 12. dxe7 Qxe7 13. Nd5 Qc5) ({Predecessor:} 10... Qc8 11. Nd5 Nc6 12. Bg5 f6 13. exf6 Nxf6 14. dxc5 dxc5 15. Re1 e6 16. Bxf6 Bxf6 17. Bg4 {1-0 (31) Bosnak,D-Cicek,F (1433) Antalya 2019}) 11. Bxb7 {Nd5 is the strong threat.} dxc3 {White has an edge.} 12. Bxa8 Nxe5 13. bxc3 Nxc4 14. Rb1 Nd7 15. Bd5 $36 {[%mdl 2048] Black is under pressure.} Ncb6 16. Bg5 h6 17. Be3 Qc7 18. Bb3 Nc5 19. Qf3 e6 20. c4 a5 ({Better is} 20... Rc8 $14) 21. Rfc1 Nbd7 22. Bc2 Ne5 23. Qe2 Nc6 24. a3 h5 25. Rd1 Rd8 (25... Bf6 $14) 26. f4 Bf6 27. Kh1 h4 28. Qf3 Kg7 29. Bf2 a4 30. Qg4 Rh8 31. Qe2 Na5 32. Rb5 Nab3 33. Qg4 Qe7 (33... Rh5 $14) 34. Rb6 Rd8 35. Qf3 Na5 36. Rb4 Rc8 37. Qe2 Nc6 38. Rb6 Qc7 39. Rb5 Na7 40. Rbb1 Nc6 41. Bxc5 (41. Qe1 $16) 41... dxc5 $11 42. Qe4 Kf8 43. Bxa4 {Strongly threatening Qxc6.} Nd4 44. Rb7 Qa5 $1 {[%cal Ra5a4]} 45. Bd7 Rc7 46. Rxc7 Qxc7 47. Bb5 Nf5 {White must now prevent ...Ng3+.} 48. Qf3 (48. Kg1 $1 $11) 48... Bd4 $1 $17 {[%mdl 1024] Black has strong compensation.} 49. a4 Be3 $1 50. Rd7 {[#]} Qb8 $1 51. Rb7 {[#]} (51. Rd3 $142 Ng3+ 52. Kh2 Bxf4 53. Kg1) 51... Qd8 $1 $19 {[%cal Rd8d2] ( -> ...Qd2)} 52. Kh2 $2 (52. Bd7 $19 Qf6 53. Rb1) 52... Qd4 53. Rd7 Bxf4+ {Accuracy: White = 69%, Black = 80%.} 0-1

[Event "Prague Festival Challengers 2020"]
[Site "Prague"]
[Date "2020.02.13"]
[Round "2.5"]
[White "Nguyen, Thai Dai Van"]
[Black "Krejci, Jan"]
[Result "1/2-1/2"]
[WhiteElo "2560"]
[BlackElo "2559"]
[Annotator "TA"]
[PlyCount "89"]
[EventDate "2020.02.12"]
[EventType "tourn"]
[EventCountry "CZE"]
[SourceTitle "playchess.com"]
[Source "ChessBase"]
[SourceQuality "1"]

{[%evp 21,89,6,6,9,16,0,0,0,2,0,0,0,8,7,42,42,42,25,25,25,28,21,23,22,29,17,36,21,31,9,17,18,39,0,20,0,39,33,39,39,39,39,39,39,64,39,39,39,39,39,39,39,33,39,39,39,39,0,34,0,39,34,34,35,35,32,35,27,26,21]} 1. c4 Nf6 2. Nf3 e6 3. g3 d5 4. Bg2 Be7 5. O-O O-O 6. d4 dxc4 7. Qc2 a6 8. a4 Bd7 9. Qxc4 Bc6 10. Bg5 Nbd7 11. Nc3 h6 12. Bxf6 {E05: Open Catalan: 5 Nf3 Be7.} Nxf6 13. Rfe1 {13.Rfd1 is setting a new trend.} Bxf3 14. Bxf3 {The position is equal.} c6 15. a5 {[#]} Qd6 $146 ({Predecessor:} 15... Rc8 16. e3 Qc7 17. Qb3 Rb8 18. Rec1 Rfd8 19. Kg2 Bf8 20. h4 h5 21. Ne2 g6 {1-0 (67) Onischuk,A (2627)-Shneider,A (2542) Bastia 2000}) 16. e3 Rad8 17. Red1 Rd7 18. Na4 Qb8 19. Nb6 Rdd8 20. Qb3 Nd5 21. Nc4 Nc7 22. h4 Nb5 23. Kg2 Bf6 24. Qc2 Rfe8 25. h5 Nd6 26. Nb6 Nc8 27. Nc4 Nd6 28. Nb6 {[%cal Bc4b6,Bb6a4,Ba4c5][%mdl 32]} Nc8 29. Na4 Qc7 30. Nc5 Qe7 31. Rac1 Nd6 32. b4 Nb5 33. Qb3 Qc7 34. Be4 Be7 35. Nd3 Nd6 36. Bf3 Nb5 37. Be2 Qd6 38. Nc5 Qb8 39. Nd3 Qd6 40. Nc5 Qc7 (40... Qb8 {keeps more tension.}) 41. Ne4 Nd6 42. Nc3 Qd7 43. Bf3 Nb5 44. Nxb5 cxb5 45. e4 {Accuracy: White = 94%, Black = 91%.} 1/2-1/2